| 000 | 00704nam a22002297a 4500 | ||
|---|---|---|---|
| 999 |
_c14916 _d14916 |
||
| 003 | MIRAKIL | ||
| 005 | 20220517143945.0 | ||
| 008 | 220517b tu ||||| |||| 00| 0 tur d | ||
| 020 | _a9789753536561 | ||
| 040 |
_aTR-AnCHP _btur _cTR-AnCHP |
||
| 041 | _atur | ||
| 082 |
_a342.02 _bA91g 2021 |
||
| 100 | _aAybay, Rona | ||
| 245 |
_aGünümüzden geçmişe karşılaştırmalı 1982 anayasası/ _cRona Aybay , Ahmet Yağlı. |
||
| 260 |
_aİstanbul : _bDer Yayınları, _c2021. |
||
| 300 |
_axxxıv, 523 s. _c24 sm. |
||
| 490 | 0 |
_aDer yayınları ; _v501. |
|
| 650 |
_aAnayasa hukuku _xKanunlar _zTürkiye |
||
| 651 |
_aTürkiye _xAnayasa, 1982 |
||
| 700 |
_97088 _aYağlı, Ahmet |
||
| 942 |
_2ddc _cBKS |
||